The 25 Best-selling video games (all platforms) / Les 25 jeux vidéos les plus vendus (Toutes plateformes) - Statistics

General Stats
  • This quiz has been taken 2,123 times
  • The average score is 4 of 25
Answer Stats
Sales / Ventes Answer / Réponse % Correct
144M Minecraft
85%
85M Grand Theft Auto V
71%
170M Tetris
45%
25M Grand Theft Auto IV
36%
27.5M Grand Theft Auto : San Andreas
23%
26.2M Call Of Duty : Black Ops
21%
40.2M Super Mario Bros
21%
30M The Elder Scrolls 5 : Skyrim
12%
24.2M Call Of Duty : Black Ops II
11%
31.4M Pokémon Red and Blue
11%
37M Mario Kart Wii
10%
82.8M Wii Sports
10%
22.7M Call of Duty : Modern Warfare 2
9%
26.5M Call Of Duty : Modern Warfare 3
7%
23.1M Pokemon Gold and Silver
6%
23.6M Mario Kart DS
4%
30.8M New Super Mario Bros.
4%
28M Wii Play
2%
33.1M Wii Sports Resort
2%
30M Diablo III
1%
28.3M Duck Hunt
1%
30.1M New Super Mario Bros.Wii
1%
23.9M Nintendogs
1%
24M Kinect Adventures
0%
24M PlayerUnknowns' Battleground
0%
No matching quizzes found
Score Distribution
Percent of People with Each Score
Percentile by Number Answered
Your Score History
You have not taken this quiz